|
|
|
|
| LEADER |
01560nam a22003854a 4500 |
| 001 |
35477 |
| 003 |
BD-DhAAL |
| 005 |
20211130120740.0 |
| 008 |
190929t2000 enka b 001 0 eng |
| 999 |
|
|
|c 41453
|d 41453
|
| 010 |
|
|
|a 99015326
|
| 020 |
|
|
|a 0335197523 (pbk.)
|
| 020 |
|
|
|a 0335197531 (hard)
|
| 020 |
|
|
|a 9780335197521
|
| 035 |
|
|
|a (OCoLC)ocm41165221
|
| 040 |
|
|
|a DLC
|c DLC
|d UKM
|d C#P
|d LVB
|d DLC
|d BD-DhAAL
|
| 042 |
|
|
|a pcc
|
| 043 |
|
|
|a e-uk---
|
| 050 |
0 |
0 |
|a LB2900.5
|b .L39 2000
|
| 082 |
0 |
0 |
|a 371.200941
|2 21
|
| 100 |
1 |
|
|a Law, Sue.
|9 35532
|
| 245 |
1 |
0 |
|a Educational leadership and learning :
|b practice, policy and research /
|c Sue Law and Derek Glover.
|
| 260 |
|
|
|a Buckingham [England] ;
|a Philadelphia :
|b Open University Press,
|c 2000 [reprinted 2003]
|
| 300 |
|
|
|a xii, 305 pages :
|b illustrations ;
|c 23 cm.
|
| 504 |
|
|
|a Includes bibliographical references (p. [265]-290) and indexes.
|
| 526 |
|
|
|a BIED
|
| 541 |
|
|
|a Complimentary copy from BIED
|e 35477
|
| 650 |
|
0 |
|a Educational leadership
|z Great Britain.
|9 35533
|
| 650 |
|
0 |
|a School management and organization
|z Great Britain.
|9 35534
|
| 650 |
|
0 |
|a School administrators
|z Great Britain.
|9 35535
|
| 650 |
|
0 |
|a Social science
|9 35549
|
| 700 |
1 |
|
|a Glover, Derek.
|9 35536
|
| 852 |
|
|
|a Ayesha Abed Library
|c BIED Collection
|
| 942 |
|
|
|2 ddc
|c BK
|
| 952 |
|
|
|0 0
|1 0
|2 ddc
|4 0
|6 371_200941000000000_LAW
|7 0
|9 66560
|a BRACUL
|b BRACUL
|c GEN
|d 2019-09-29
|e Complimentary copy from BIED
|l 1
|m 12
|o 371.200941 LAW
|p 3010035477
|r 2026-03-30
|s 2026-02-01
|t 1
|w 2019-09-29
|y BK
|x Transferred from BIED to General Stacks
|